Масс-спектрометрия резонансного захвата электронов: метод и ретроспективный обзор

গ্রন্থ-পঞ্জীর বিবরন
সংস্থা লেখক: Академия наук СССР (АН СССР) Башкирский филиал Отдел физики и математики
অন্যান্য লেখক: Леплянин Г. В. (редактор)
ভাষা:রুশ
প্রকাশিত: Уфа, Изд-во БФ АН СССР, 1987
বিষয়গুলি:
বিন্যাস: MixedMaterials গ্রন্থ
KOHA link:https://koha.lib.tpu.ru/cgi-bin/koha/opac-detail.pl?biblionumber=274135

MARC

LEADER 00000nam0a2200000 4500
001 274135
005 20231101234710.0
035 |a (RuTPU)RU\TPU\book\297345 
090 |a 274135 
100 |a 20141031d1987 k y0rusy50 ca 
101 0 |a rus 
102 |a RU 
105 |a a z 001zy 
200 1 |a Масс-спектрометрия резонансного захвата электронов: метод и ретроспективный обзор  |f Академия наук СССР (АН СССР), Башкирский филиал, Отдел физики и математики ; отв. ред. Г. В. Леплянин 
210 |a Уфа  |c Изд-во БФ АН СССР  |d 1987 
215 |a 219 с.  |c ил. 
320 |a Библиогр.: с. 190-214. 
320 |a Формульный указатель: с. 215-217. 
320 |a Список основных сокращений и обозначений: с. 218. 
606 1 |a Масс-спектрометрический метод  |2 stltpush  |3 (RuTPU)RU\TPU\subj\41167  |9 60981 
610 1 |a электроны 
610 1 |a резонансный захват 
610 1 |a масс-спектрометрия 
610 1 |a исследование 
610 1 |a отрицательные ионы 
610 1 |a молекулы 
675 |a 539.1.075:621.38  |v 3 
702 1 |a Леплянин  |b Г. В.  |4 340 
712 0 2 |a Академия наук СССР (АН СССР)  |b Башкирский филиал  |b Отдел физики и математики  |2 stltpush  |3 (RuTPU)RU\TPU\col\11268 
801 1 |a RU  |b 63413507  |c 20141031 
801 2 |a RU  |b 63413507  |c 20141212  |g RCR 
942 |c BK